000 00557nam a2200181Ia 4500
008 140529s9999 xx 000 0 und d
020 _a9780071316736
050 _aQR 41.2
_b.T141 2012
100 _aTalaro, Kathleen Park.
245 _aFoundations in microbiology /
_cKathleen Park Talaro, Barry Chess
250 _a8th ed.
260 _aNew York :
_bMcGraw-Hill,
_cc2012.
300 _a828 p. :
_bill. (some col.), maps (some col.) ;
_c28 cm.
500 _aIncludes appendices and index.
521 _aNUR
942 _kFOR
_cBK
999 _c117631
_d117631